Govt. of
Madhya Pradesh

Confessions (Record no. 38858)

MARC details
000 -LEADER
fixed length control field 004260000a22001690004500
003 - CONTROL NUMBER IDENTIFIER
control field MACL
005 - DATE AND TIME OF LATEST TRANSACTION
control field 20160108140705.0
008 - FIXED-LENGTH DATA ELEMENTS--GENERAL INFORMATION
fixed length control field 160108b xxu||||| |||| 00| 0 eng d
040 ## - CATALOGING SOURCE
Original cataloging agency MACL
Transcribing agency MACL
041 ## - LANGUAGE CODE
Language code of text/sound track or separate title English
082 ## - DEWEY DECIMAL CLASSIFICATION NUMBER
Classification number 920/ROU
100 ## - MAIN ENTRY--PERSONAL NAME
Personal name Rousseau, Jean Jacques
9 (RLIN) 29769
245 ## - TITLE STATEMENT
Title Confessions
Remainder of title Vol 1
260 ## - PUBLICATION, DISTRIBUTION, ETC. (IMPRINT)
Name of publisher, distributor, etc. J M Dent & Sons LTD
Date of publication, distribution, etc. 1950
Place of publication, distribution, etc. London
650 ## - SUBJECT ADDED ENTRY--TOPICAL TERM
Topical term or geographic name as entry element Biography
9 (RLIN) 29770
942 ## - ADDED ENTRY ELEMENTS (KOHA)
Koha item type Books
Call number prefix 920/ROU
Source of classification or shelving scheme
Holdings
Withdrawn status Lost status Source of classification or shelving scheme Damaged status Not for loan Home library Current library Date acquired Total Checkouts Full call number Barcode Date last seen Uniform Resource Identifier Price effective from Koha item type
          MACL MACL 15/04/2015   920/ROU CLE007971 29/04/2015 39082 15/04/2015 Books